Project port folio management:A view from the management trenches (Record no. 2500)

MARC details
000 -LEADER
fixed length control field 00406nam a2200145Ia 4500
008 - FIXED-LENGTH DATA ELEMENTS--GENERAL INFORMATION
fixed length control field 130318s9999 xx 000 0 und d
020 ## - INTERNATIONAL STANDARD BOOK NUMBER
International Standard Book Number 9780470505366
082 ## - DEWEY DECIMAL CLASSIFICATION NUMBER
Classification number 658.404 PEN/P
100 ## - MAIN ENTRY--PERSONAL NAME
Personal name PMI
245 ## - TITLE STATEMENT
Title Project port folio management:A view from the management trenches
260 ## - PUBLICATION, DISTRIBUTION, ETC.
Name of publisher, distributor, etc. Wiley
Place of publication, distribution, etc. U.S.A
Date of publication, distribution, etc. 2009
300 ## - PHYSICAL DESCRIPTION
Extent 215
650 ## - SUBJECT ADDED ENTRY--TOPICAL TERM
Topical term or geographic name entry element ENTERPRISE PORTFOLIO MANAGEMENT
650 ## - SUBJECT ADDED ENTRY--TOPICAL TERM
Topical term or geographic name entry element PROJECT MANAGEMENT
Holdings
Withdrawn status Lost status Damaged status Not for loan Collection code Home library Current library Shelving location Date acquired Cost, normal purchase price Total Checkouts Full call number Barcode Date last seen Date last checked out Price effective from Koha item type
        Project Management Kerala University of Digital Sciences, Innovation and Technology Knowledge Centre Kerala University of Digital Sciences, Innovation and Technology Knowledge Centre Management 18/03/2013 4217.00 1 658.404 PEN/P 2520 02/02/2024 01/02/2024 18/03/2013 Books